000 00642nam a2200241Ia 4500
003 OSt
005 20220918164047.0
006 a|||||r|||| 00| 0
007 ta
008 220917b |||||||| |||| 00| 0 eng d
020 _a0415164028 (PB)
024 _a249,963
037 _cTextual
040 _aARTS
_cARTS
_beng
041 _2eng
_aeng
082 _aY15:(W), N8
245 0 _aGender, politics and the state edited by Vicky Randall and Georgina Waylen
260 _aLondon
_bRoutledge UK
_c1998
300 _ax,214p.
_ccm.
650 _aSOCIOLOGY
942 _hY15:(W), N8
_cTEXL
_2CC
999 _c122922
_d122922